[Event "Qatar Masters op"]
[Site "Doha"]
[Date "2023.10.13"]
[Round "3"]
[White "Nogerbek, Kazybek"]
[Black "Kwon, Sehyun"]
[Result "1-0"]
[WhiteElo "2471"]
[BlackElo "2313"]
[PlyCount "75"]
[EventDate "2023.10.11"]
[EventType "swiss"]
[EventRounds "9"]
[EventCountry "QAT"]
[SourceTitle "Mega2024 Update 01"]
[Source "Chessbase"]
[SourceDate "2023.11.12"]
[SourceVersion "1"]
[SourceVersionDate "2023.11.12"]
[SourceQuality "1"]

1. d4 Nf6 2. c4 e6 3. Nf3 Bb4+ 4. Bd2 c5 5. Bxb4 cxb4 6. e3 b6 7. Bd3 Bb7 8. Nbd2 0-0 9. 0-0 d6 10. Re1 Qe7 11. e4 e5 12. Nf1 Nc6 13. Bc2 Rfe8 14. Ne3 Nxd4 15. Nxd4 exd4 16. Qxd4 Qe5 17. Qxe5 dxe5 18. Ba4 Rec8 19. f3 Bc6 20. Bxc6 Rxc6 21. Red1 Rc5 22. b3 b5 23. Rd6 bxc4 24. Nxc4 Kf8 25. Rad1 Ke7 26. Ra6 Nd7 27. Ne3 Nb6 28. Nf5+ Kf8 29. Rxa7 Rac8 30. Rb7 R5c6 31. Rd6 g6 32. Rxc6 Rxc6 33. Ne3 Kg7 34. Kf2 h5 35. h4 Rd6 36. Ke2 Kg8 37. Nc2 Nd7 38. Rxb4 1-0

[Event "Asian Games"]
[Site "Hangzhou"]
[Date "2023.09.26"]
[Round "7"]
[White "Jumabayev, Rinat"]
[Black "Kwon, Sehyun"]
[Result "1-0"]
[WhiteElo "2585"]
[BlackElo "2313"]
[PlyCount "53"]
[EventDate "2023.09.24"]
[EventType "swiss (rapid)"]
[EventRounds "9"]
[EventCountry "CHN"]
[SourceTitle "EXT 2024"]
[Source "ChessBase"]
[SourceDate "2023.10.10"]
[SourceVersion "1"]
[SourceVersionDate "2023.10.10"]
[SourceQuality "1"]

1. d4 d5 2. Bf4 Nf6 3. e3 e6 4. Nf3 Bd6 5. Bg3 0-0 6. c4 c5 7. dxc5 Bxc5 8. Nc3 Nc6 9. a3 a5 10. Qc2 Qe7 11. Rd1 Rd8 12. Be2 d4 13. exd4 Nxd4 14. Nxd4 Bxd4 15. Nb5 e5 16. 0-0 Be6 17. Rfe1 Rac8 18. Bd3 Qc5 19. b3 h6 20. Nxd4 exd4 21. Qb2 Qb6 22. Bh4 Bxc4 23. Bxc4 Rxc4 24. Bxf6 gxf6 25. Qd2 Qxb3 26. Qxh6 Rc6 27. Rxd4 1-0

[Event "Asian Games"]
[Site "Hangzhou"]
[Date "2023.09.26"]
[Round "6"]
[White "Kwon, Sehyun"]
[Black "Kwong, Wing Ki"]
[Result "1-0"]
[WhiteElo "2313"]
[BlackElo "1923"]
[PlyCount "83"]
[EventDate "2023.09.24"]
[EventType "swiss (rapid)"]
[EventRounds "9"]
[EventCountry "CHN"]
[SourceTitle "EXT 2024"]
[Source "ChessBase"]
[SourceDate "2023.10.10"]
[SourceVersion "1"]
[SourceVersionDate "2023.10.10"]
[SourceQuality "1"]

1. e4 c5 2. Nf3 d6 3. Bb5+ Bd7 4. Bxd7+ Nxd7 5. 0-0 Ngf6 6. Qe2 e6 7. d4 cxd4 8. Nxd4 Be7 9. c4 0-0 10. Nc3 Qa5 11. Be3 Rac8 12. Rac1 a6 13. f4 Rfe8 14. h3 Bf8 15. Nf3 Qb4 16. e5 Nh5 17. Ne4 d5 18. Nfg5 g6 19. g4 dxe4 20. gxh5 b5 21. hxg6 hxg6 22. Nxe4 Red8 23. Rfd1 Be7 24. b3 bxc4 25. Rxc4 Rxc4 26. Qxc4 Qxc4 27. bxc4 Nb8 28. Rb1 Nc6 29. Rb7 Kf8 30. Kf2 Nd4 31. c5 Nc6 32. Rb6 Rc8 33. Nd6 Rc7 34. Rxa6 Bd8 35. a4 Nb4 36. Ra8 Ke7 37. f5 Kd7 38. f6 Nd5 39. Nxf7 Nxe3 40. Kxe3 Bxf6 41. exf6 Rxc5 42. Nh6 1-0

[Event "Asian Games"]
[Site "Hangzhou"]
[Date "2023.09.26"]
[Round "5"]
[White "Tologontegin, Semetey"]
[Black "Kwon, Sehyun"]
[Result "1-0"]
[WhiteElo "2368"]
[BlackElo "2313"]
[PlyCount "65"]
[EventDate "2023.09.24"]
[EventType "swiss (rapid)"]
[EventRounds "9"]
[EventCountry "CHN"]
[SourceTitle "EXT 2024"]
[Source "ChessBase"]
[SourceDate "2023.10.10"]
[SourceVersion "1"]
[SourceVersionDate "2023.10.10"]
[SourceQuality "1"]

1. e4 c6 2. d4 d5 3. e5 c5 4. dxc5 e6 5. Qg4 h5 6. Qf4 Bxc5 7. Bd3 Nc6 8. Nf3 Bd7 9. a3 a5 10. Nc3 Nh6 11. 0-0 Be7 12. Qg3 g6 13. Bg5 Nd4 14. Bxe7 Nxf3+ 15. Qxf3 Qxe7 16. Qf4 Kf8 17. Bxg6 b5 18. Bxh5 Rc8 19. Be2 b4 20. axb4 axb4 21. Nb5 Bxb5 22. Bxb5 Nf5 23. g3 Qc5 24. Bd3 Nd4 25. Kg2 Nc6 26. Ra6 b3 27. cxb3 Nb4 28. Bg6 Qe7 29. Rb6 Nc6 30. Rc1 Kg7 31. Bxf7 Rcf8 32. Rcxc6 Rxf7 33. Qg4+ 1-0

[Event "Asian Games"]
[Site "Hangzhou"]
[Date "2023.09.25"]
[Round "4"]
[White "Kwon, Sehyun"]
[Black "Kulpruethanon, Thanadon"]
[Result "1-0"]
[WhiteElo "2313"]
[BlackElo "2280"]
[PlyCount "65"]
[EventDate "2023.09.24"]
[EventType "swiss (rapid)"]
[EventRounds "9"]
[EventCountry "CHN"]
[SourceTitle "EXT 2024"]
[Source "ChessBase"]
[SourceDate "2023.10.10"]
[SourceVersion "1"]
[SourceVersionDate "2023.10.10"]
[SourceQuality "1"]

1. e4 e5 2. Nf3 Nc6 3. Bb5 a6 4. Ba4 Nf6 5. 0-0 Be7 6. d3 b5 7. Bb3 d6 8. a4 b4 9. a5 0-0 10. Nbd2 Be6 11. Nc4 Rb8 12. Be3 Ng4 13. Bd2 Kh8 14. h3 Nh6 15. Re1 Qc8 16. Bxh6 gxh6 17. Ne3 Bxh3 18. gxh3 Qxh3 19. Nh2 Nd4 20. Kh1 Rg8 21. Bxf7 Rg5 22. Rg1 Rf8 23. Rxg5 Bxg5 24. Qh5 Qxh5 25. Bxh5 Rxf2 26. Nhg4 Rf3 27. c3 Ne6 28. Kg2 Rf8 29. Kg1 Nf4 30. Rf1 Kg8 31. cxb4 Nxh5 32. Rxf8+ Kxf8 33. b5 1-0

[Event "Asian Games"]
[Site "Hangzhou"]
[Date "2023.09.24"]
[Round "1"]
[White "Hossain, Enamul"]
[Black "Kwon, Sehyun"]
[Result "1/2-1/2"]
[WhiteElo "2369"]
[BlackElo "2313"]
[PlyCount "146"]
[EventDate "2023.09.24"]
[EventType "swiss (rapid)"]
[EventRounds "9"]
[EventCountry "CHN"]
[SourceTitle "EXT 2024"]
[Source "ChessBase"]
[SourceDate "2023.10.10"]
[SourceVersion "1"]
[SourceVersionDate "2023.10.10"]
[SourceQuality "1"]

1. e4 e5 2. Nf3 Nc6 3. Bc4 Bc5 4. 0-0 Nf6 5. d3 d6 6. c3 a5 7. Be3 Bxe3 8. fxe3 0-0 9. Nbd2 Ne7 10. Bb3 Ng6 11. a4 c6 12. Qe1 Be6 13. Bxe6 fxe6 14. Nc4 Qc7 15. Qg3 b5 16. Ncd2 Qb6 17. Ng5 Rae8 18. Kh1 h6 19. Ngf3 Kh7 20. axb5 cxb5 21. Rfe1 d5 22. exd5 exd5 23. e4 Nh5 24. Qg4 Nhf4 25. d4 Nd3 26. Rf1 exd4 27. cxd4 dxe4 28. Nxe4 Rf4 29. Nfg5+ hxg5 30. Nxg5+ Kg8 31. Qh3 Qf6 32. Qxd3 Qxg5 33. Rxa5 Rxf1+ 34. Qxf1 Qd2 35. Ra1 b4 36. h3 Nf4 37. Rd1 Qe2 38. Qxe2 Nxe2 39. d5 Rd8 40. Rd2 Ng3+ 41. Kg1 Nf5 42. g4 Ne3 43. d6 Nc4 44. Rd4 Nxb2 45. Rxb4 Nd3 46. Rd4 Ne5 47. Kg2 Kf7 48. Kg3 Ke6 49. Kf4 Rf8+ 50. Kg3 Rd8 51. Kf4 Nf7 52. h4 Nxd6 53. h5 Rf8+ 54. Kg5 Rf6 55. Ra4 Nf7+ 56. Kh4 Rf1 57. Ra6+ Nd6 58. Kg5 Rf6 59. Kh4 Kf7 60. Ra7+ Kg8 61. g5 Rf4+ 62. Kg3 Re4 63. h6 gxh6 64. gxh6 Re6 65. h7+ Kh8 66. Kg4 Rg6+ 67. Kf4 Ne8 68. Ra8 Re6 69. Kf5 Re7 70. Kg6 Rg7+ 71. Kf5 Re7 72. Kg6 Rg7+ 73. Kf5 Re7 1/2-1/2

[Event "Olomouc IM-A 24th"]
[Site "Olomouc"]
[Date "2023.08.15"]
[Round "5"]
[White "Kwon, Sehyun"]
[Black "Kucharska, Honorata"]
[Result "1/2-1/2"]
[WhiteElo "2274"]
[BlackElo "2204"]
[PlyCount "96"]
[EventDate "2023.08.12"]
[EventType "tourn"]
[EventRounds "9"]
[EventCountry "CZE"]
[SourceTitle "CBM 215 Extra"]
[Source "ChessBase"]
[SourceDate "2023.09.30"]
[SourceVersion "1"]
[SourceVersionDate "2023.09.30"]
[SourceQuality "1"]

1. e4 e5 2. Nf3 Nf6 3. d4 Nxe4 4. Bd3 d5 5. Nxe5 Nd7 6. Nc3 Nxe5 7. dxe5 Nxc3 8. bxc3 Bc5 9. 0-0 Be6 10. Qh5 g6 11. Qh6 Qd7 12. Be3 Bxe3 13. Qxe3 0-0 14. Rab1 b6 15. Rb4 f6 16. Rh4 Qg7 17. Re1 fxe5 18. Qxe5 Qxe5 19. Rxe5 Rae8 20. f3 Bf7 21. Rxe8 Rxe8 22. Kf2 c5 23. Bb5 Re7 24. Rf4 Be6 25. h4 h6 26. c4 g5 27. hxg5 hxg5 28. Rf6 Kg7 29. Rxe6 Rxe6 30. cxd5 Rh6 31. Ke3 Kf6 32. d6 Ke5 33. d7 Rd6 34. g3 c4 35. f4+ gxf4+ 36. gxf4+ Kf6 37. Ke4 c3 38. f5 a6 39. Bxa6 Rxd7 40. Bc4 Rd8 41. Bd3 Ra8 42. Kd4 Rxa2 43. Kxc3 Ra4 44. Kb3 Rf4 45. Kc3 Ke5 46. Kb3 Kd5 47. Kc3 Kc5 48. Kb3 b5 1/2-1/2

[Event "Prague Summer op-A 10th"]
[Site "Prague"]
[Date "2023.08.09"]
[Round "7"]
[White "Daeschler, Florian"]
[Black "Kwon, Sehyun"]
[Result "0-1"]
[WhiteElo "2225"]
[BlackElo "2274"]
[PlyCount "94"]
[EventDate "2023.08.04"]
[EventType "swiss"]
[EventRounds "9"]
[EventCountry "CZE"]
[SourceTitle "CBM 215 Extra"]
[Source "ChessBase"]
[SourceDate "2023.09.30"]
[SourceVersion "1"]
[SourceVersionDate "2023.09.30"]
[SourceQuality "1"]

1. d4 Nf6 2. c4 e6 3. g3 Bb4+ 4. Nd2 c5 5. a3 Bxd2+ 6. Qxd2 cxd4 7. Nf3 Nc6 8. Nxd4 Na5 9. Qb4 d5 10. Nb5 Nc6 11. Qd6 Qxd6 12. Nxd6+ Ke7 13. Nb5 dxc4 14. Be3 b6 15. Bg2 Bd7 16. 0-0 Nd5 17. Bg5+ f6 18. e4 Ndb4 19. axb4 fxg5 20. e5 a6 21. Nd6 b5 22. f4 gxf4 23. Rxf4 Nxe5 24. Bxa8 Rxa8 25. Ne4 Nd3 26. Rg4 g6 27. Rf1 Nxb4 28. Rgf4 Be8 29. Rf8 e5 30. Rh8 Bc6 31. Rxh7+ Ke6 32. Rf6+ Kd5 33. Rh4 Kd4 34. Rd6+ Ke3 35. Nc3 Bf3 36. b3 g5 37. Rh3 cxb3 38. g4 e4 39. Nd1+ Kf4 40. Kf2 Bxd1 41. Rxd1 Nd3+ 42. Ke2 b2 43. Rf1+ Ke5 44. Ke3 Kd5 45. Rh7 Kc4 46. Rc7+ Kb3 47. Kxe4 Ne1 0-1

[Event "Titled Tuesday intern op 01st Aug Early"]
[Site "Chess.com INT"]
[Date "2023.08.01"]
[Round "6"]
[White "Kwon, Sehyun"]
[Black "Molenda, Marcin"]
[Result "0-1"]
[WhiteElo "2274"]
[BlackElo "2392"]
[PlyCount "78"]
[EventDate "2023.08.01"]
[EventType "swiss (blitz)"]
[EventRounds "11"]
[EventCountry "USA"]
[SourceTitle "EXT 2024"]
[Source "ChessBase"]
[SourceDate "2023.10.10"]
[SourceVersion "1"]
[SourceVersionDate "2023.10.10"]
[SourceQuality "1"]

1. Nf3 d5 2. b3 c5 3. Bb2 Nc6 4. e3 Bg4 5. Bb5 f6 6. h3 Bh5 7. Bxc6+ bxc6 8. d4 e6 9. 0-0 Nh6 10. Re1 Bd6 11. Nbd2 0-0 12. c4 cxd4 13. exd4 Qd7 14. Rc1 Rae8 15. Qc2 Bg6 16. Qc3 Rc8 17. Qa5 Rfe8 18. Qa4 Qb7 19. Ba3 Bf4 20. Bc5 a6 21. Qa3 e5 22. dxe5 fxe5 23. Be3 Bxe3 24. Rxe3 e4 25. Nh4 d4 26. Rg3 e3 27. fxe3 dxe3 28. Ndf3 Qc7 29. Rg5 Qf4 30. Nxg6 hxg6 31. Rxg6 e2 32. Re1 Rcd8 33. Qb2 Qe3+ 34. Kh1 Nf5 35. Rg5 Qf4 36. Kg1 Rd1 37. Qc3 Rxe1+ 38. Nxe1 Qxg5 39. c5 Qe3+ 0-1

[Event "Budapest Vezerkepzo GM 04"]
[Site "Budapest"]
[Date "2023.04.20"]
[Round "8"]
[White "Kwon, Sehyun"]
[Black "Kulaots, Kaido"]
[Result "0-1"]
[WhiteElo "2278"]
[BlackElo "2494"]
[PlyCount "68"]
[EventDate "2023.04.13"]
[EventType "tourn"]
[EventRounds "9"]
[EventCountry "HUN"]
[EventCategory "6"]
[SourceTitle "CBM 213 Extra"]
[Source "ChessBase"]
[SourceDate "2023.05.31"]
[SourceVersion "1"]
[SourceVersionDate "2023.05.31"]
[SourceQuality "1"]

1. e4 c5 2. Nc3 e6 3. Nf3 Nc6 4. Bb5 Nge7 5. d4 cxd4 6. Nxd4 a6 7. Be2 Nxd4 8. Qxd4 Nc6 9. Qe3 Be7 10. Qg3 0-0 11. Bh6 Bf6 12. h4 b5 13. 0-0-0 b4 14. Na4 Nd4 15. Bd3 e5 16. Bg5 Bb7 17. Nc5 Bc6 18. f4 d6 19. Nb3 Nxb3+ 20. axb3 a5 21. f5 Kh8 22. Qe3 a4 23. bxa4 Rxa4 24. b3 Ra2 25. g4 Be7 26. Bxe7 Qxe7 27. Qb6 Rc8 28. Ba6 Bxe4 29. Kb1 Raxc2 30. Bd3 R2c6 31. Qxb4 Bxh1 32. Rxh1 Qc7 33. Rh2 d5 34. Bc2 Rxc2 0-1

[Event "Budapest Vezerkepzo GM 04"]
[Site "Budapest"]
[Date "2023.04.16"]
[Round "4"]
[White "Kwon, Sehyun"]
[Black "Ilamparthi, AR."]
[Result "1/2-1/2"]
[WhiteElo "2278"]
[BlackElo "2408"]
[PlyCount "189"]
[EventDate "2023.04.13"]
[EventType "tourn"]
[EventRounds "9"]
[EventCountry "HUN"]
[EventCategory "6"]
[SourceTitle "CBM 213 Extra"]
[Source "ChessBase"]
[SourceDate "2023.05.31"]
[SourceVersion "1"]
[SourceVersionDate "2023.05.31"]
[SourceQuality "1"]

1. e4 c5 2. Nf3 d6 3. Bb5+ Nd7 4. d4 cxd4 5. Qxd4 a6 6. Bxd7+ Bxd7 7. 0-0 e5 8. Qd3 h6 9. c4 Nf6 10. Nc3 Be7 11. a4 0-0 12. b3 b5 13. axb5 axb5 14. Rxa8 Qxa8 15. cxb5 Be6 16. Nd2 d5 17. exd5 Nxd5 18. Nc4 Rd8 19. Nxd5 Rxd5 20. Qg3 Rxb5 21. Bxh6 Bf6 22. Bg5 Bxg5 23. Qxg5 f6 24. Qe3 Qa2 25. Nd2 Rd5 26. Ne4 Rd4 27. Nc5 Bd5 28. h3 Qa8 29. f3 Qa2 30. Rf2 Qa3 31. Rc2 Rd1+ 32. Kh2 Qa1 33. Ne4 Qd4 34. Qxd4 exd4 35. Nf2 Rb1 36. Rd2 Rxb3 37. Rxd4 Bc6 38. Rc4 Bd5 39. Rc5 Bb7 40. Rc7 Bd5 41. Rd7 Be6 42. Rd6 Kf7 43. Ne4 Bf5 44. Ng3 Be6 45. Ne2 Rb2 46. Nf4 Bc4 47. Rd7+ Kg8 48. Rc7 Bf7 49. h4 Rb4 50. Kg3 Rb5 51. Nd3 Rd5 52. Nc5 Rd4 53. Ne4 Bg6 54. Nc3 Rd2 55. Ra7 Bf7 56. Ne4 Rd4 57. Nf2 Be6 58. Re7 Bf5 59. Ra7 Be6 60. Ra5 Kh7 61. Ne4 Bf7 62. Rb5 Kg8 63. Nc3 Rd2 64. Rb4 Kh7 65. Ne4 Rd5 66. Kf4 Bg6 67. Nf2 Rd2 68. Ke3 Ra2 69. g4 Ra3+ 70. Kf4 Be8 71. Rb6 Bf7 72. Rd6 Bc4 73. Rd2 Bb5 74. Rc2 Be8 75. Nh3 Bg6 76. Rb2 Bf7 77. Kg3 Bd5 78. Rf2 Bb7 79. Nf4 Kh6 80. h5 Bc6 81. Ng6 Be4 82. Nh4 g6 83. hxg6 Bxg6 84. Rb2 Ra6 85. Rb7 Bc2 86. Rc7 Bb1 87. Ng2 f5 88. Nf4 fxg4 89. fxg4 Kg5 90. Rc5+ Kf6 91. g5+ Kf7 92. Rc7+ Kf8 93. Nd5 Ra5 94. Rc1 Rxd5 95. Rxb1 1/2-1/2

[Event "Budapest Vezerkepzo GM 04"]
[Site "Budapest"]
[Date "2023.04.14"]
[Round "2"]
[White "Kwon, Sehyun"]
[Black "Csiki, Endre"]
[Result "1/2-1/2"]
[WhiteElo "2278"]
[BlackElo "2358"]
[PlyCount "71"]
[EventDate "2023.04.13"]
[EventType "tourn"]
[EventRounds "9"]
[EventCountry "HUN"]
[EventCategory "6"]
[SourceTitle "CBM 213 Extra"]
[Source "ChessBase"]
[SourceDate "2023.05.31"]
[SourceVersion "1"]
[SourceVersionDate "2023.05.31"]
[SourceQuality "1"]

1. e4 c5 2. Nf3 d6 3. Bb5+ Nd7 4. c4 Ngf6 5. Nc3 a6 6. Ba4 e6 7. 0-0 Be7 8. d4 cxd4 9. Nxd4 0-0 10. Kh1 Qc7 11. Qe2 Nb6 12. Bb3 Bd7 13. Nc2 Rac8 14. Ne3 Bc6 15. Bc2 Bd7 16. Bb3 Bc6 17. Bc2 Bd7 18. b3 d5 19. exd5 exd5 20. Ncxd5 Nbxd5 21. cxd5 Bb5 22. Bd3 Bxd3 23. Qxd3 Qe5 24. Rb1 Qe4 25. Rd1 Qxd3 26. Rxd3 Ne4 27. Nd1 Rc2 28. f3 Re2 29. Re3 Rxe3 30. Nxe3 Nc3 31. Rb2 Rd8 32. Rd2 Bg5 33. Rc2 Nxd5 34. Nxd5 Rxd5 35. Rc8+ Rd8 36. Rxd8+ 1/2-1/2

[Event "Olympiad-44"]
[Site "Chennai"]
[Date "2022.08.09"]
[Round "11.2"]
[White "De la Riva Aguado, Oscar"]
[Black "Kwon, Sehyun"]
[Result "1-0"]
[WhiteElo "2424"]
[BlackElo "2225"]
[PlyCount "145"]
[EventDate "2022.07.29"]
[EventType "team-swiss"]
[EventRounds "11"]
[EventCountry "IND"]
[SourceTitle "CBM 210"]
[Source "ChessBase"]
[SourceDate "2022.10.31"]
[SourceVersion "1"]
[SourceVersionDate "2022.10.31"]
[SourceQuality "1"]
[WhiteTeam "Andorra"]
[BlackTeam "South Korea"]
[WhiteTeamCountry "AND"]
[BlackTeamCountry "KOR"]

1. e4 e5 2. Nc3 Nf6 3. g3 c6 4. d4 Bb4 5. Bg2 d5 6. exd5 Nxd5 7. Bd2 Bxc3 8. bxc3 exd4 9. cxd4 0-0 10. Ne2 Re8 11. 0-0 Bg4 12. Re1 Nd7 13. h3 Bf5 14. c4 N5b6 15. Rc1 Be6 16. Ba5 Qg5 17. d5 cxd5 18. f4 Qh6 19. g4 dxc4 20. Qd4 Rad8 21. Rcd1 Qf6 22. f5 Ne5 23. Qe3 Bd7 24. Bc3 Qe7 25. Nf4 f6 26. Rd4 Bc6 27. Ne6 Rxd4 28. Bxd4 Nd3 29. Bxc6 bxc6 30. Rf1 Nd5 31. Qg3 c5 32. Ba1 g5 33. h4 N3f4 34. Re1 h6 35. Qh2 c3 36. Qc2 Qf7 37. Qb3 Nxe6 38. Qxd5 Ng7 39. Rxe8+ Nxe8 40. Qxc5 Qxa2 41. Bxc3 Qb1+ 42. Kf2 Qe4 43. hxg5 hxg5 44. Qc8 Kf7 45. Qd7+ Qe7 46. Qd5+ Kg7 47. Kf3 Qc7 48. Qd4 Qc6+ 49. Ke2 Nc7 50. Bb2 Nb5 51. Qe3 Kf7 52. Qb3+ Kg7 53. Qe3 Kf7 54. Qb3+ Ke7 55. Qe3+ Kd7 56. Qd3+ Ke8 57. Bxf6 Qg2+ 58. Ke1 Qg1+ 59. Kd2 Qf2+ 60. Qe2+ Qxe2+ 61. Kxe2 a5 62. Kd3 a4 63. Bxg5 Kf7 64. Kc4 a3 65. Bc1 Nd6+ 66. Kd5 Ne8 67. g5 Ng7 68. Ke5 a2 69. g6+ Kg8 70. Bb2 Nh5 71. f6 Kh8 72. Ke6 Ng7+ 73. Kf7 1-0

[Event "Olympiad-44"]
[Site "Chennai"]
[Date "2022.08.08"]
[Round "10.2"]
[White "Oratile, Kgotlane"]
[Black "Kwon, Sehyun"]
[Result "0-1"]
[WhiteElo "2024"]
[BlackElo "2225"]
[PlyCount "76"]
[EventDate "2022.07.29"]
[EventType "team-swiss"]
[EventRounds "11"]
[EventCountry "IND"]
[SourceTitle "CBM 210"]
[Source "ChessBase"]
[SourceDate "2022.10.31"]
[SourceVersion "1"]
[SourceVersionDate "2022.10.31"]
[SourceQuality "1"]
[WhiteTeam "Botswana"]
[BlackTeam "South Korea"]
[WhiteTeamCountry "BOT"]
[BlackTeamCountry "KOR"]

1. e4 e5 2. Nf3 Nc6 3. d3 d5 4. exd5 Qxd5 5. Nc3 Qd6 6. g3 Bf5 7. Bg2 Qd7 8. 0-0 0-0-0 9. Be3 Bh3 10. Bxh3 Qxh3 11. Ng5 Qd7 12. Qf3 f6 13. Nge4 f5 14. Nc5 Bxc5 15. Bxc5 Nf6 16. Be3 h6 17. Qe2 Rhe8 18. f3 g5 19. Rae1 Qg7 20. Qf2 Kb8 21. a3 h5 22. Kh1 Rh8 23. h3 f4 24. Bc1 Nd4 25. gxf4 exf4 26. Qg2 Nf5 27. Rg1 Ng3+ 28. Kh2 Ng4+ 29. fxg4 hxg4 30. Qd2 Rxh3+ 31. Kg2 Rdh8 32. Re8+ Rxe8 33. d4 Qh7 34. Kf2 Ne4+ 35. Nxe4 Qxe4 36. Rg2 g3+ 37. Kf1 Rh1+ 38. Rg1 Qf3+ 0-1

[Event "Olympiad-44"]
[Site "Chennai"]
[Date "2022.08.01"]
[Round "4.2"]
[White "Kwon, Sehyun"]
[Black "Avila Pavas, Santiago"]
[Result "1/2-1/2"]
[WhiteElo "2225"]
[BlackElo "2453"]
[PlyCount "182"]
[EventDate "2022.07.29"]
[EventType "team-swiss"]
[EventRounds "11"]
[EventCountry "IND"]
[SourceTitle "CBM 210"]
[Source "ChessBase"]
[SourceDate "2022.10.31"]
[SourceVersion "1"]
[SourceVersionDate "2022.10.31"]
[SourceQuality "1"]
[WhiteTeam "South Korea"]
[BlackTeam "Colombia"]
[WhiteTeamCountry "KOR"]
[BlackTeamCountry "COL"]

1. e4 c5 2. Nf3 e6 3. c3 d5 4. exd5 Qxd5 5. d4 Nf6 6. Na3 a6 7. Nc4 Nbd7 8. Ne3 Qc6 9. Bd3 b6 10. 0-0 Bd6 11. Re1 Bb7 12. Nc4 Bc7 13. Nce5 Bxe5 14. dxe5 Nd5 15. c4 Nb4 16. Be4 Qc7 17. Bxb7 Qxb7 18. Ng5 Rd8 19. Ne4 0-0 20. Bg5 f6 21. Qf3 Rf7 22. Nxf6+ Nxf6 23. Qxb7 Rxb7 24. exf6 gxf6 25. Bxf6 Rd2 26. Bc3 Rc2 27. Re3 Rf7 28. f3 Rd7 29. a3 Nc6 30. Rxe6 Nd4 31. Re8+ Kf7 32. Rae1 Rd6 33. R1e7+ Kg6 34. Rg8+ Kh6 35. Bxd4 cxd4 36. Re4 Kh5 37. Re5+ Kh6 38. Re4 Kh5 39. g3 Rg6 40. Rxg6 hxg6 41. Rxd4 Rxb2 42. c5 bxc5 43. Rd5+ Kh6 44. Rxc5 Rb3 45. Ra5 Rxf3 46. Rxa6 Rc3 47. Kg2 Kh5 48. Ra5+ Kh6 49. h4 Rd3 50. Kh3 Rc3 51. Ra7 Rd3 52. Kg4 Rc3 53. Ra4 Rd3 54. Kf4 Kh5 55. Ra5+ Kh6 56. Ra8 Rc3 57. a4 Rc4+ 58. Ke5 Kh5 59. Ra6 Rg4 60. Ra8 Rxg3 61. Rh8+ Kg4 62. Rh6 Ra3 63. Rxg6+ Kxh4 64. Ra6 Kg5 65. Kd5 Kf5 66. Kc4 Ke5 67. Kb4 Ra1 68. Rc6 Kd5 69. Rc2 Rb1+ 70. Ka5 Kd6 71. Ka6 Rb4 72. a5 Kd7 73. Ka7 Rb5 74. a6 Rb1 75. Rh2 Kc7 76. Rh7+ Kc8 77. Rb7 Ra1 78. Rb4 Kc7 79. Rb6 Ra2 80. Rb4 Ra1 81. Rc4+ Kd7 82. Rc2 Ra3 83. Kb7 Rb3+ 84. Ka8 Ra3 85. a7 Rb3 86. Rh2 Kc7 87. Rh7+ Kc8 88. Rh8+ Kc7 89. Rb8 Rc3 90. Rb7+ Kc8 91. Rb8+ Kc7 1/2-1/2

[Event "Olympiad-44"]
[Site "Chennai"]
[Date "2022.07.31"]
[Round "3.1"]
[White "Kwon, Sehyun"]
[Black "Nguku Namale, Ben"]
[Result "1-0"]
[WhiteElo "2225"]
[BlackElo "1962"]
[PlyCount "107"]
[EventDate "2022.07.29"]
[EventType "team-swiss"]
[EventRounds "11"]
[EventCountry "IND"]
[SourceTitle "CBM 210"]
[Source "ChessBase"]
[SourceDate "2022.10.31"]
[SourceVersion "1"]
[SourceVersionDate "2022.10.31"]
[SourceQuality "1"]
[WhiteTeam "South Korea"]
[BlackTeam "Kenya"]
[WhiteTeamCountry "KOR"]
[BlackTeamCountry "KEN"]

1. e4 c6 2. d4 d5 3. exd5 cxd5 4. c4 Nf6 5. Nc3 Nc6 6. Bg5 e6 7. Nf3 dxc4 8. Bxc4 Be7 9. 0-0 0-0 10. Re1 a6 11. a3 b5 12. Ba2 b4 13. Ne2 Bb7 14. Ng3 h6 15. Bf4 Qb6 16. Qd3 Rfd8 17. Rad1 a5 18. Be3 Ba6 19. Qc2 Qb7 20. Bb1 b3 21. Qd2 Bf8 22. Ne4 Nd5 23. Nc3 Nxc3 24. Qxc3 Ne7 25. Bf4 Nd5 26. Qd2 Nxf4 27. Qxf4 Bc4 28. Ne5 Bd5 29. Nxf7 Rd7 30. Ne5 Bd6 31. Qg4 Bxe5 32. dxe5 Rf7 33. h3 Qb6 34. Re3 Rd8 35. Qh4 Rdf8 36. Re2 Rf4 37. Qg3 g5 38. Qd3 Qb7 39. Qg6+ Qg7 40. Qxg7+ Kxg7 41. Rc1 Rd4 42. f3 h5 43. Kf2 g4 44. Rc7+ Kg8 45. Ke3 Rdf4 46. hxg4 hxg4 47. Bh7+ Kh8 48. Be4 Bxe4 49. fxe4 g3 50. Rd2 Rf2 51. Rdd7 Rb8 52. Rh7+ Kg8 53. Rcg7+ Kf8 54. Rxg3 1-0

[Event "Titled Tuesday intern op 10th May Early"]
[Site "Chess.com INT"]
[Date "2022.05.10"]
[Round "4"]
[White "Devaev, Alexander"]
[Black "Kwon, Sehyun"]
[Result "0-1"]
[WhiteElo "2325"]
[BlackElo "2225"]
[PlyCount "60"]
[EventDate "2022.05.10"]
[EventType "swiss (blitz)"]
[EventRounds "11"]
[EventCountry "USA"]
[SourceTitle "CBM 208 Extra"]
[Source "ChessBase"]
[SourceDate "2022.07.31"]
[SourceVersion "1"]
[SourceVersionDate "2022.07.31"]
[SourceQuality "1"]

1. d4 Nf6 2. c4 e6 3. Nf3 d5 4. cxd5 exd5 5. Nc3 Bb4 6. Bd2 0-0 7. Rc1 Re8 8. a3 Bxc3 9. Bxc3 c6 10. Bd2 Bg4 11. Bg5 Nbd7 12. e3 Qa5+ 13. Qd2 Qb6 14. Bd3 Ne4 15. Bxe4 dxe4 16. Ng1 h6 17. Bh4 Nf8 18. h3 Bf5 19. Ne2 Ng6 20. Bg3 Rad8 21. b4 Qa6 22. Rc3 Qd3 23. Rxd3 exd3 24. Nf4 Rxd4 25. Nxg6 Bxg6 26. 0-0 Rc4 27. Rc1 Rc2 28. Rxc2 dxc2 29. Be5 Rxe5 30. f3 Rd5 0-1

[Event "Titled Tuesday intern op 10th May Early"]
[Site "Chess.com INT"]
[Date "2022.05.10"]
[Round "9"]
[White "Raahul, VS."]
[Black "Kwon, Sehyun"]
[Result "1-0"]
[WhiteElo "2371"]
[BlackElo "2225"]
[PlyCount "57"]
[EventDate "2022.05.10"]
[EventType "swiss (blitz)"]
[EventRounds "11"]
[EventCountry "USA"]
[SourceTitle "CBM 208 Extra"]
[Source "ChessBase"]
[SourceDate "2022.07.31"]
[SourceVersion "1"]
[SourceVersionDate "2022.07.31"]
[SourceQuality "1"]

1. Nf3 c5 2. c4 g6 3. Nc3 Bg7 4. d4 cxd4 5. Nxd4 Nc6 6. e3 Nf6 7. Be2 0-0 8. 0-0 d5 9. cxd5 Nxd5 10. Nxc6 bxc6 11. Na4 Rb8 12. e4 Nb4 13. Bf4 e5 14. Be3 Qa5 15. a3 Na6 16. b4 Qc7 17. Qc2 Rd8 18. Rac1 Qb7 19. Qxc6 Bf8 20. Qxb7 Bxb7 21. b5 Bxa3 22. Ra1 Bf8 23. bxa6 Bxe4 24. Bxa7 Ra8 25. Bb6 Rd6 26. Bc5 Rc6 27. Bxf8 Kxf8 28. Bb5 Rd6 29. Nc5 1-0

[Event "Seoul Korea Masters"]
[Site "Seoul"]
[Date "2021.12.06"]
[Round "2"]
[White "Kwon, Sehyun"]
[Black "Ahn, Hongjin"]
[Result "0-1"]
[WhiteElo "2195"]
[BlackElo "2298"]
[PlyCount "56"]
[EventDate "2021.12.06"]
[EventType "tourn"]
[EventRounds "7"]
[EventCountry "KOR"]
[SourceTitle "EXT 2023"]
[Source "ChessBase"]
[SourceDate "2022.10.05"]
[SourceVersion "1"]
[SourceVersionDate "2022.10.05"]
[SourceQuality "1"]

1. e4 e6 2. d4 d5 3. exd5 exd5 4. Nf3 Bd6 5. c4 Nf6 6. Bd3 0-0 7. 0-0 dxc4 8. Bxc4 h6 9. Nc3 Nbd7 10. Re1 Nb6 11. Bb3 Re8 12. Ne5 Be6 13. Bc2 Nbd5 14. Nxd5 Bxd5 15. Bf4 c5 16. Qd3 Qa5 17. a3 c4 18. Qd1 Rad8 19. Re3 Rf8 20. Qe2 Qb5 21. Re1 Be6 22. Rg3 Qxb2 23. Qd2 Nh5 24. Rb1 Qa2 25. Qc1 Nxg3 26. Ng6 fxg6 27. Bxd6 Rxd6 28. Ra1 Ne2+ 0-1